[Event "Tournoi n27368"]
[Site "www.echecsemail.com"]
[Date "2026.01.18"]
[Round "1"]
[White "Mokanne"]
[Black "Majula"]
[WhiteElo "1450"]
[BlackElo "1610"]
[Result "0-1"]
1.e4 e5
2.Bf1c4 Bf8c5
3.Ng1f3 d6
4.d3 h6
5.c3 Ng8f6
6.h3 g5
7.Bc4b5 Bc8d7
8.Bb5c4 b5
9.Bc4b3 Nb8c6
10.O-O O-O
11.h4 g4
12.Nf3h2 h5
13.Bc1g5 Kg7
14.g3 Qd8e7
15.Kg2 Bd7e6
16.Bg5xf6 Qe7xf6
17.Nb1d2 a6
18.f3 gxf3
19.Nd2xf3 Qf6g6
20.Nf3g5 Be6xb3
21.Qd1xb3 Nc6d8
22.Ra1d1 Nd8e6
23.Ng5xe6 fxe6
24.Rf1xf8 Ra8xf8
25.Nh2f3 Qg6f6
26.Rd1f1 Bc5e3
27.Qb3c2 d5
28.Rf1e1 Qf6xf3
29.Kh3 Qf3g4
30.Kg2 Rf8f2
31.Qc2xf2 Be3xf2
32.Kxf2 c5
33.exd5 Qg4f5
34.Kg1 exd5
35.Re1e3 d4
36.cxd4 cxd4
37.Re3e4 Kf6
38.Kg2 a5
39.b3 a4
40.b4 a3
41.Kg1 Qf5f3
42.g4 hxg4
43.h5 g3
44.h6 Qf3f2
{ abandon }0-1

[Event "Défi"]
[Site "www.echecsemail.com"]
[Date "2026.01.18"]
[Round "1"]
[White "Gambitmiau"]
[Black "Mokanne"]
[WhiteElo "1320"]
[BlackElo "1450"]
[Result "1-0"]
1.e4 d6
2.d4 g6
3.Bf1c4 Bf8g7
4.Qd1f3 f6
5.Nb1c3 c6
6.Bc1f4 g5
7.Qf3h5 Kd7
8.Qh5f7 Bg7f8
9.Bc4e6 Kc7
10.Be6xc8 Kxc8
11.Qf7e6 Nb8d7
12.Bf4g3 Kc7
13.Qe6c4 Nd7b6
14.Nc3d5 Kd7
15.Nd5xb6 Qd8xb6
16.b3 e6
17.d5 cxd5
18.exd5 Ra8c8
19.Qc4a4 Kc7
20.Ng1e2 e5
21.O-O Kb8
22.Qa4d7 Ng8e7
23.Rf1c1 Ne7xd5
24.c4 Rc8d8
25.Qd7a4 Nd5e7
26.Kf1 Bf8h6
27.f3 Ne7f5
28.Bg3f2 Nf5d4
29.Ne2xd4 exd4
30.Rc1d1 Qb6c6
31.Qa4a3 Qc6c5
32.Qa3b2 Rh8f8
33.Bf2xd4 Qc5f5
34.Qb2f2 Bh6g7
35.Bd4xa7 Kc7
36.Qf2b6 Kc8
37.Rd1xd6 Qf5e5
38.Ra1d1 Rd8xd6
39.Rd1xd6 Qe5a1
40.Kf2 Qa1xa2
41.Kg3 Qa2e2
42.Qb6c5 1-0

[Event "Noël 2025 n4"]
[Site "www.echecsemail.com"]
[Date "2026.01.18"]
[Round "1"]
[White "Morphy6"]
[Black "Karkaskat"]
[WhiteElo "2060"]
[BlackElo "2100"]
[Result "1-0"]
1.d4 Ng8f6
2.c4 g6
3.Ng1f3 d5
4.Nb1c3 Bf8g7
5.e3 O-O
6.cxd5 Nf6xd5
7.a3 c6
8.Bf1d3 Nb8d7
9.O-O Nd5xc3
10.bxc3 e5
11.e4 exd4
12.cxd4 Rf8e8
13.h3 Nd7f6
14.Rf1e1 Bc8e6
15.Ra1b1 Ra8b8
16.Qd1c2 Qd8e7
17.Bc1e3 a6
18.a4 Re8c8
19.Qc2c1 Be6d7
20.Be3f4 b5
21.Bf4xb8 Rc8xb8
22.Nf3e5 Bd7e8
23.Ne5xc6 Be8xc6
24.Qc1xc6 Qe7b7
25.axb5 axb5
26.Qc6xb7 Rb8xb7
27.Rb1xb5 Rb7xb5
28.Bd3xb5 Kf8
29.f3 Nf6e8
30.d5 Bg7e5
31.Bb5xe8 Kxe8
32.Kf2 g5
33.h4 h6
34.hxg5 hxg5
35.Re1c1 f6
36.g3 Kd7
37.Kg2 Be5b2
38.Rc1c6 Bb2e5
39.Rc6e6 Be5b2
40.Kh3 Bb2e5
41.Kg4 Be5d4
42.f4 { abandon }1-0

[Event "Tournoi n27338"]
[Site "www.echecsemail.com"]
[Date "2026.01.18"]
[Round "1"]
[White "Verson"]
[Black "Pioupiou22"]
[WhiteElo "1910"]
[BlackElo "1750"]
[Result "1/2-1/2"]
1.d4 Ng8f6
2.Ng1f3 d5
3.e3 Nb8c6
4.c4 Bc8g4
5.Nb1d2 e6
6.a3 Bf8e7
7.Bf1d3 g6
8.Qd1c2 Qd8d7
9.h3 Bg4h5
10.O-O O-O
11.b4 a6
12.Bc1b2 Rf8b8
13.Nf3e5 Nc6xe5
14.dxe5 Nf6e8
15.cxd5 exd5
16.Ra1c1 c6
17.Nd2b3 Rb8c8
18.Nb3c5 Qd7c7
19.e6 f6
20.Nc5d7 Kg7
21.g4 Bh5xg4
22.hxg4 Be7d8
23.g5 Qc7d6
24.gxf6 Bd8xf6
25.f4 Qd6xe6
26.Bb2xf6 Ne8xf6
27.Nd7e5 Qe6h3
28.Rf1f3 Qh3h5
29.Rf3g3 Rc8e8
30.Kg2 Ra8d8
31.Rc1h1 Re8xe5
32.Rh1xh5 Re5xh5
33.Rg3h3 Rh5xh3
34.Kxh3 Rd8e8
35.Qc2d2 b5
36.Kg3 Re8e7
37.Qd2c2 Re7xe3
38.Kf2 Nf6g4
39.Kg1 Re3g3
40.Kh1 Rg3h3
41.Kg1 Rh3g3
42.Kh1 Rg3h3
43.Kg1 Rh3g3
44.Kh1 Rg3h3
45.Kg1 Rh3g3
46.Kh1 1/2-1/2

[Event "Tournoi échelle division 1"]
[Site "www.echecsemail.com"]
[Date "2026.01.18"]
[Round "1"]
[White "Pgo"]
[Black "Verson"]
[WhiteElo "1740"]
[BlackElo "1870"]
[Result "1-0"]
1.e4 e6
2.d4 d5
3.e5 c5
4.Bf1b5 Nb8c6
5.Ng1f3 Bc8d7
6.Nb1c3 a6
7.Bb5xc6 Bd7xc6
8.O-O cxd4
9.Nf3xd4 Ng8e7
10.a3 Ne7g6
11.Rf1e1 Bf8e7
12.h3 O-O
13.b4 Ra8c8
14.Bc1b2 Qd8c7
15.Nd4f3 Rf8d8
16.Ra1c1 b5
17.Re1e2 Qc7b6
18.Nc3a2 Bc6b7
19.c3 Rc8c4
20.g3 d4
21.Nf3xd4 Bb7f3
22.Nd4xf3 Qb6b7
23.Re2d2 Qb7c7
24.Rd2xd8 Qc7xd8
25.Qd1xd8 Be7xd8
26.Rc1d1 Rc4c8
27.Na2c1 Kf8
28.Nc1e2 Ke7
29.Ne2d4 Bd8b6
30.h4 Bb6xd4
31.cxd4 Rc8c2
32.Rd1d2 Rc2c4
33.Kf1 Ke8
34.h5 Ng6e7
35.g4 Ne7d5
36.Nf3g5 h6
37.Ng5e4 Ke7
38.Ne4d6 Rc4c7
39.Ke2 f6
40.Nd6e4 fxe5
41.Ne4c5 exd4
42.Bb2xd4 Kd6
43.Nc5xa6 Rc7c6
44.Bd4c5 Ke5
45.Na6b8 Rc6c8
46.Nb8d7 Kf4
47.Rd2d4 Kg5
48.Nd7e5 Rc8f8
49.Bc5xf8 { abandon }1-0

[Event "Au galop"]
[Site "www.echecsemail.com"]
[Date "2026.01.18"]
[Round "1"]
[White "Janolapin"]
[Black "Nuageblanc"]
[WhiteElo "1650"]
[BlackElo "1700"]
[Result "1/2-1/2"]
1.g3 d5
2.Bf1g2 c6
3.e3 e5
4.d3 Bc8e6
5.Ng1e2 Ng8f6
6.b3 Bf8d6
7.Bc1b2 Nb8d7
8.O-O O-O
9.c3 Rf8e8
10.Nb1a3 Nd7f8
11.Na3c2 Nf8g6
12.f3 Qd8d7
13.Kh1 Ra8b8
14.Ne2g1 c5
15.Qd1d2 b5
16.Ra1c1 a6
17.d4 cxd4
18.cxd4 h6
19.dxe5 Ng6xe5
20.Ng1e2 Rb8c8
21.Nc2d4 Rc8xc1
22.Rf1xc1 Re8c8
23.Nd4xe6 fxe6
24.Ne2d4 Kf7
25.Kg1 Nf6e8
26.Rc1xc8 Qd7xc8
27.Kf1 Qc8c7
28.f4 Ne5c6
29.Nd4xc6 Qc7xc6
30.Qd2c3 Qc6xc3
31.Bb2xc3 g6
32.e4 Ne8c7
33.Ke2 dxe4
34.Bg2xe4 Nc7d5
35.Bc3d2 Bd6c7
36.Kd3 Kf6
37.Kd4 Bc7b6
38.Kd3 h5
39.Be4xd5 exd5
40.Bd2c3 Kf5
41.Bc3d4 Bb6c7
42.Bd4f2 Ke6
43.Bf2e3 Kf5
44.h3 Ke6
45.g4 hxg4
46.hxg4 Kf6
47.Kd4 Bc7b6
48.Kd3 Bb6c7
49.Kd4 Ke6
50.Kd3 a5
51.Kd4 Bc7b6
{ nul }1/2-1/2

[Event "Tournoi n27372"]
[Site "www.echecsemail.com"]
[Date "2026.01.18"]
[Round "1"]
[White "Gognol"]
[Black "Estrafolis"]
[WhiteElo "1900"]
[BlackElo "1660"]
[Result "1-0"]
1.e4 c5
2.c4 d6
3.Nb1a3 Nb8c6
4.Na3c2 e5
5.h3 Ng8f6
6.Qd1f3 Qd8b6
7.d3 Nc6d4
8.Nc2xd4 exd4
9.b3 Bf8e7
10.Bf1e2 Qb6c6
11.Qf3g3 g6
12.Bc1h6 Bc8e6
13.Be2f3 Nf6h5
14.Qg3h2 b5
15.e5 d5
16.g4 bxc4
17.bxc4 Qc6a4
18.gxh5 Qa4b4
19.Bh6d2 Qb4b2
20.Ra1d1 Ra8d8
21.Ng1e2 dxc4
22.dxc4 d3
23.Ne2c3 Rd8d4
24.Rd1b1 Qb2a3
25.O-O O-O
26.Nc3b5 Qa3xa2
27.Nb5xd4 Qa2xd2
28.Qh2g3 cxd4
29.Rf1d1 Qd2c2
30.Rb1c1 Qc2b3
31.c5 Rf8c8
32.c6 a5
33.Rc1b1 Qb3a3
34.Bf3e4 Be6b3
35.Rd1xd3 Qa3a2
36.Rd3xb3 a4
37.Rb3b8 Rc8xb8
38.Rb1xb8 Kg7
39.c7 { abandon }1-0

[Event "Automne 2025 n1"]
[Site "www.echecsemail.com"]
[Date "2026.01.18"]
[Round "1"]
[White "Eldiablo90"]
[Black "Karkaskat"]
[WhiteElo "2790"]
[BlackElo "2110"]
[Result "1-0"]
1.e4 c5
2.d4 cxd4
3.Qd1xd4 Nb8c6
4.Qd4d3 Ng8f6
5.Nb1c3 d6
6.Ng1f3 g6
7.Bf1e2 Bf8g7
8.O-O O-O
9.Nc3d5 Nf6d7
10.c3 Nd7c5
11.Qd3c2 f5
12.exf5 Bc8xf5
13.Qc2d1 e6
14.Nd5e3 Bf5e4
15.Nf3d4 Nc6xd4
16.cxd4 Nc5a6
17.Be2xa6 bxa6
18.Qd1g4 Be4f5
19.Ne3xf5 exf5
20.Qg4f3 d5
21.Bc1f4 Rf8e8
22.Rf1e1 Re8e4
23.Re1xe4 fxe4
24.Qf3b3 Ra8c8
25.Qb3b7 Rc8c2
26.Ra1d1 a5
27.h3 Bg7f6
28.Qb7xa7 Rc2xb2
29.Rd1c1 Bf6e7
30.Qa7a6 { abandon }1-0

[Event "1001"]
[Site "www.echecsemail.com"]
[Date "2026.01.18"]
[Round "1"]
[White "Turbo"]
[Black "Katastrofic"]
[WhiteElo "1290"]
[BlackElo "1380"]
[Result "1-0"]
1.e4 e5
2.Ng1f3 d6
3.Bf1c4 Bf8e7
4.O-O h6
5.d4 Ng8f6
6.h3 exd4
7.Qd1xd4 O-O
8.a3 c5
9.Qd4e3 a6
10.b4 b5
11.Bc4e2 c4
12.c3 Bc8b7
13.a4 Bb7xe4
14.axb5 Be4xb1
15.Ra1xb1 axb5
16.Nf3d4 Qd8d7
17.Be2f3 Ra8a7
18.Qe3f4 d5
19.Bc1e3 Be7d6
20.Qf4h4 Bd6e5
21.g4 Be5xd4
22.Be3xd4 Qd7d8
23.Bd4xa7 { abandon }1-0

[Event "Défi( 10J+24H/c 10J Max )"]
[Site "www.echecsemail.com"]
[Date "2026.01.18"]
[Round "1"]
[White "Vb83"]
[Black "Blackbishop"]
[WhiteElo "1440"]
[BlackElo "1840"]
[Result "1-0"]
1.e4 e5
2.Ng1f3 Nb8c6
3.Bf1b5 Ng8e7
4.Bb5xc6 Ne7xc6
5.c3 d6
6.O-O Bc8g4
7.h3 Bg4e6
8.d3 Qd8d7
9.Nf3g5 O-O-O
10.Ng5xe6 Qd7xe6
11.f4 f6
12.f5 Qe6d7
13.Qd1a4 Kb8
14.Nb1d2 d5
15.exd5 Qd7xd5
16.Rf1f3 Rh8g8
17.Qa4b3 Bf8c5
18.Kh1 Qd5d6
19.Nd2c4 Qd6e7
20.Bc1d2 Rd8d6
21.Nc4xd6 Rg8d8
22.Qb3xb7 1-0

[Event "Tetraktus 103"]
[Site "www.echecsemail.com"]
[Date "2026.01.18"]
[Round "1"]
[White "Pgo"]
[Black "Bertelsen"]
[WhiteElo "1740"]
[BlackElo "1730"]
[Result "1-0"]
1.e4 c5
2.Ng1f3 d6
3.Bf1b5 Bc8d7
4.Nb1c3 a6
5.Bb5xd7 Nb8xd7
6.O-O e6
7.d3 Ng8f6
8.h3 Bf8e7
9.Bc1g5 h6
10.Bg5h4 g5
11.Bh4g3 b5
12.a3 Qd8b6
13.b4 Ra8c8
14.Rf1e1 d5
15.exd5 exd5
16.Bg3e5 Nd7xe5
17.Nf3xe5 O-O
18.Ne5g4 Nf6xg4
19.Nc3xd5 Qb6b8
20.Nd5xe7 Kh8
21.Ne7xc8 Qb8h2
22.Kf1 Qh2h1
23.Ke2 Rf8e8
24.Kd2 Re8xe1
25.Qd1xe1 Qh1xg2
26.hxg4 { abandon }1-0

[Event "Tournoi n27389"]
[Site "www.echecsemail.com"]
[Date "2026.01.18"]
[Round "1"]
[White "Tiounet"]
[Black "Gognol"]
[WhiteElo "1660"]
[BlackElo "1900"]
[Result "0-1"]
1.a3 e5
2.b4 b5
3.Bc1b2 d6
4.e3 Ng8f6
5.Bf1xb5 c6
6.Bb5f1 a6
7.g3 Nf6d5
8.Bf1g2 Bc8e6
9.Ng1e2 Qd8b6
10.O-O a5
11.c3 Nd5f6
12.d4 Be6c4
13.Nb1d2 Bc4d3
14.Rf1e1 h6
15.Nd2b3 Bd3xe2
16.Qd1xe2 a4
17.Nb3a5 e4
18.Na5c4 Qb6c7
19.Nc4d2 d5
20.c4 Bf8e7
21.Ra1c1 Qc7d7
22.cxd5 cxd5
23.Rc1c2 h5
24.Re1c1 O-O
25.Rc2c7 Qd7f5
26.Rc7xe7 Nb8d7
27.Qe2f1 Ra8a7
28.Bg2h3 Nf6g4
29.Qf1e2 Qf5f6
30.Re7xd7 Ra7xd7
31.Bh3xg4 hxg4
32.Qe2xg4 Rd7d6
33.Qg4f4 Qf6g6
34.Rc1c5 Qg6h5
35.Nd2xe4 Rd6h6
36.h4 Qh5d1
37.Kg2 dxe4
38.Qf4xe4 Qd1e2
39.Rc5c2 Qe2b5
40.Rc2c5 Qb5d7
41.f3 Rf8e8
42.Qe4d3 Re8e6
43.Qd3c3 Re6g6
44.g4 Rh6xh4
45.Kg3 Rg6h6
46.Rc5h5 Rh6xh5
47.gxh5 Qd7h3
48.Kf2 Qh3h2
49.Ke1 Qh2g2
{ abandon }0-1

[Event "Défi"]
[Site "www.echecsemail.com"]
[Date "2026.01.18"]
[Round "1"]
[White "Whisky"]
[Black "Roger72"]
[WhiteElo "1320"]
[BlackElo "1280"]
[Result "1-0"]
1.Ng1f3 d5
2.g3 d4
3.d3 Nb8c6
4.Bf1g2 e5
5.c3 Bc8g4
6.h3 Bg4e6
7.Bc1g5 f6
8.Bg5h4 Qd8e7
9.Nb1a3 g5
10.cxd4 O-O-O
11.Bh4xg5 fxg5
12.Nf3xe5 Nc6xd4
13.e3 Nd4f5
14.O-O Ng8h6
15.Na3b5 Kb8
16.Nb5d4 Nf5xd4
17.exd4 Rd8xd4
18.a4 Rh8g8
19.Ne5f3 Rd4d8
20.Nf3e5 Be6d5
21.d4 Bd5xg2
22.Kxg2 Bf8g7
23.Rf1e1 Nh6f7
24.Ne5c6 { abandon }1-0

[Event "Eq:O fou d hello-LES CHATTERBOX :"]
[Site "www.echecsemail.com"]
[Date "2026.01.18"]
[Round "1"]
[White "Patau"]
[Black "Jyfsk"]
[WhiteElo "1690"]
[BlackElo "1800"]
[Result "1-0"]
1.e4 c5
2.Ng1f3 d6
3.g3 Ng8f6
4.d3 e6
5.Bf1g2 Bf8e7
6.O-O O-O
7.Bc1g5 Nb8c6
8.Nb1c3 a6
9.Qd1d2 b5
10.a3 Bc8b7
11.h3 Ra8b8
12.Ra1d1 Nf6e8
13.Nc3e2 Be7xg5
14.Qd2xg5 f6
15.Qg5e3 Ne8c7
16.d4 cxd4
17.Nf3xd4 Nc6xd4
18.Ne2xd4 d5
19.Rd1d3 dxe4
20.Bg2xe4 Bb7xe4
21.Qe3xe4 Qd8e7
22.Nd4c6 Qe7c5
23.Nc6xb8 Rf8xb8
24.c3 Kf7
25.Qe4d4 Qc5xd4
26.Rd3xd4 Nc7d5
27.Rf1d1 Rb8d8
28.b3 Rd8c8
29.c4 bxc4
30.Rd4xc4 Rc8xc4
31.bxc4 Nd5b6
32.c5 Nb6d5
33.c6 Ke7
34.f4 Kd6
35.Rd1c1 Kc7
36.Kf2 Nd5e7
37.Ke3 Ne7xc6
38.Kd3 a5
39.Kc4 Kb6
40.Rc1b1 Kc7
41.Kc5 Nc6a7
42.Rb1d1 e5
43.fxe5 fxe5
44.Kd5 Na7b5
45.Kxe5 Nb5xa3
46.Ke6 Na3b5
47.Kf7 { abandon }1-0

[Event "La Diagonale du fou 9"]
[Site "www.echecsemail.com"]
[Date "2026.01.18"]
[Round "1"]
[White "Dameroi"]
[Black "Woluwe1975"]
[WhiteElo "1850"]
[BlackElo "1640"]
[Result "1-0"]
1.e4 e5
2.Bf1c4 Ng8f6
3.d3 c6
4.a3 b5
5.Bc4a2 a5
6.Ng1f3 Bf8d6
7.Bc1e3 O-O
8.O-O Rf8e8
9.Nf3g5 h6
10.Ng5xf7 Qd8c7
11.Nf7xd6 Kh7
12.Nd6xe8 Nf6xe8
13.Nb1d2 Bc8b7
14.Nd2f3 d6
15.Nf3h4 Bb7c8
16.Qd1h5 d5
17.Qh5g6 Kh8
18.Qg6xe8 Kh7
19.Qe8g6 Kh8
20.exd5 Qc7d8
21.Qg6e4 Qd8xd5
22.Ba2xd5 { abandon }1-0

[Event "Eq:Royal Kids-au plaisir du jeux  :"]
[Site "www.echecsemail.com"]
[Date "2026.01.18"]
[Round "1"]
[White "Lancien57"]
[Black "Nbelnico"]
[WhiteElo "1420"]
[BlackElo "1690"]
[Result "1-0"]
1.e4 e5
2.Ng1f3 d6
3.Nb1c3 a6
4.d4 Nb8c6
5.Bf1e2 f5
6.exf5 Bc8xf5
7.dxe5 dxe5
8.Bc1g5 Bf8e7
9.Bg5xe7 Ng8xe7
10.O-O O-O
11.Nf3h4 Bf5e6
12.Be2g4 Ne7f5
13.Nh4xf5 Be6xf5
14.Bg4xf5 Rf8xf5
15.f3 Qd8f6
16.Nc3e4 Qf6g6
17.Qd1e2 Nc6d4
18.Qe2d1 Nd4xf3
19.Rf1xf3 Rf5h5
20.Ne4g3 Rh5g5
21.c3 h5
22.Qd1e2 h4
23.Ng3e4 Rg5g4
24.Ne4f6 gxf6
25.Ra1f1 Ra8f8
26.Rf1f2 e4
27.Qe2c4 Kh8
28.Rf3f4 e3
29.Rf4xg4 exf2
30.Kxf2 Qg6c2
31.Qc4e2 Qc2f5
32.Qe2f3 Qf5c5
33.Rg4d4 f5
34.Qf3h5 Kg7
35.Qh5xh4 Rf8h8
36.Qh4g5 Kf7
37.Qg5f4 Rh8g8
38.Kf3 Rg8g4
39.Rd4d7 Ke8
40.Qf4xc7 Qc5xc7
41.Rd7xc7 b5
42.h3 Rg4e4
43.Rc7c5 Re4a4
44.a3 { abandon }1-0

[Event "Tournoi n27390"]
[Site "www.echecsemail.com"]
[Date "2026.01.18"]
[Round "1"]
[White "Tiounet"]
[Black "Machja"]
[WhiteElo "1630"]
[BlackElo "1780"]
[Result "0-1"]
1.a3 d5
2.b4 e5
3.Bc1b2 Nb8c6
4.b5 Nc6d4
5.e3 Nd4f5
6.Bb2xe5 Ng8f6
7.g3 Bf8d6
8.Be5xd6 Nf5xd6
9.a4 b6
10.Bf1g2 Bc8b7
11.Ng1e2 O-O
12.O-O a6
13.d3 axb5
14.Nb1c3 c5
15.axb5 Ra8xa1
16.Qd1xa1 Qd8a8
17.Qa1xa8 Rf8xa8
18.Rf1b1 c4
19.Ne2f4 Ra8a3
20.Nc3xd5 Bb7xd5
21.Nf4xd5 Nf6xd5
22.Bg2xd5 cxd3
23.cxd3 Ra3xd3
24.Bd5c6 g5
25.g4 h6
26.h3 Kg7
27.Kg2 Kf6
28.Kf3 Rd3a3
29.Rb1d1 Ke6
30.Rd1b1 Ra3a2
31.e4 Ra2a5
32.Ke3 Ra5a3
33.Ke2 Ke5
34.f3 Ra3a2
35.Kf1 Nd6c4
36.Rb1e1 Ra2h2
37.Re1c1 Rh2h1
{ abandon }0-1

[Event "La Diagonale du fou 9"]
[Site "www.echecsemail.com"]
[Date "2026.01.18"]
[Round "1"]
[White "Dameroi"]
[Black "Foxie519"]
[WhiteElo "1850"]
[BlackElo "1710"]
[Result "1-0"]
1.e4 e6
2.d4 d6
3.c4 h6
4.Nb1c3 g6
5.Bc1e3 Bf8g7
6.Ng1f3 Ng8e7
7.Bf1d3 O-O
8.O-O f5
9.e5 d5
10.b3 c6
11.c5 Nb8d7
12.b4 a6
13.a4 Kh7
14.a5 Ne7g8
15.Nf3d2 f4
16.Qd1g4 fxe3
17.Qg4xg6 Kh8
18.Qg6h7 1-0

[Event "Tournoi n27355"]
[Site "www.echecsemail.com"]
[Date "2026.01.18"]
[Round "1"]
[White "Legrillon"]
[Black "Verson"]
[WhiteElo "1720"]
[BlackElo "1870"]
[Result "0-1"]
1.e4 e6
2.d4 d5
3.e5 c5
4.dxc5 Bf8xc5
5.Ng1f3 Qd8b6
6.Qd1e2 Nb8c6
7.a3 a5
8.Nb1c3 Qb6c7
9.Qe2b5 Bc5b6
10.Bc1e3 Bc8d7
11.Qb5d3 Bb6xe3
12.Qd3xe3 Nc6a7
13.Nf3d4 Ng8e7
14.Bf1d3 O-O
15.O-O Ne7g6
16.Bd3xg6 hxg6
17.a4 Na7c6
18.Nd4xc6 Bd7xc6
19.Qe3d4 Rf8c8
20.Ra1c1 Ra8a6
21.b3 Bc6d7
22.Nc3e2 Ra6c6
23.c3 Qc7b6
24.Qd4xb6 Rc6xb6
25.Rf1d1 Rb6xb3
26.Rd1d4 Rc8c4
27.Rd4xc4 dxc4
28.Rc1a1 Bd7c6
29.h3 Bc6e4
30.Ne2g3 Be4c6
31.Ng3e2 Bc6e4
32.Kf1 Be4d3
33.Ke1 Bd3xe2
34.Kxe2 Kf8
35.g4 f6
36.exf6 gxf6
37.Kd2 Rb3b2
38.Ke3 e5
39.Ra1a3 Ke7
40.f4 exf4
41.Kxf4 Rb2b3
42.Ra3a2 Rb3xc3
43.Ra2b2 Rc3b3
44.Rb2c2 Rb3b4
45.Ke3 Rb4xa4
46.Rc2c3 b5
47.Kd4 Ra4a1
48.Kc5 Ra1b1
49.Rc3e3 Kf7
50.Kd4 Rb1b3
51.Re3e2 a4
52.Kc5 a3
53.Re2a2 c3
54.h4 b4
{ abandon }0-1

[Event "Coupe Niveau 5"]
[Site "www.echecsemail.com"]
[Date "2026.01.18"]
[Round "1"]
[White "Zax"]
[Black "Jmarcboury"]
[WhiteElo "2260"]
[BlackElo "2220"]
[Result "1-0"]
1.e4 c5
2.d4 cxd4
3.c3 dxc3
4.Nb1xc3 Nb8c6
5.Ng1f3 d6
6.Bf1c4 e6
7.O-O a6
8.Qd1e2 b5
9.Bc4b3 Bc8b7
10.Rf1d1 Qd8c7
11.Bc1f4 Ra8d8
12.Ra1c1 Qc7d7
13.a4 b4
14.Nc3d5 exd5
15.Rc1xc6 Bb7xc6
16.exd5 Bf8e7
17.dxc6 Qd7xc6
18.Nf3d4 Qc6d7
19.Rd1e1 h5
20.Qe2xa6 Kf8
21.Nd4c6 Rd8e8
22.Qa6c4 d5
23.Nc6e5 Qd7b7
24.Qc4xd5 Qb7xd5
25.Bb3xd5 Re8d8
26.Ne5xf7 Rd8xd5
27.Nf7xh8 Be7f6
28.Nh8g6 Kf7
29.Ng6e5 Bf6xe5
30.Bf4xe5 b3
31.Be5c3 Ng8e7
32.f3 Ne7g6
33.g3 h4
34.Kf2 h3
35.a5 Ng6e7
36.a6 Ne7c6
37.Re1a1 Nc6a7
38.Ra1a3 Rd5b5
39.Bc3d4 { abandon }1-0

[Event "Défi( 10J+24H/c 10J Max )"]
[Site "www.echecsemail.com"]
[Date "2026.01.18"]
[Round "1"]
[White "Tiounet"]
[Black "Woluwe1975"]
[WhiteElo "1660"]
[BlackElo "1620"]
[Result "1-0"]
1.a3 g6
2.b4 Bf8g7
3.Nb1c3 b5
4.e3 a6
5.g3 Bc8b7
6.Ng1f3 h6
7.Bf1g2 d6
8.O-O e6
9.Bc1b2 Nb8d7
10.Qd1c1 Qd8c8
11.Nc3e2 Ng8f6
12.d4 O-O
13.Rf1e1 d5
14.Ne2c3 Nf6e4
15.Nc3xe4 dxe4
16.Nf3d2 f5
17.c4 Nd7b6
18.c5 Nb6d5
19.c6 Rf8d8
20.cxb7 Qc8xb7
21.Nd2b3 Qb7b6
22.Nb3c5 Bg7f8
23.Qc1d2 a5
24.Bg2f1 axb4
25.axb4 Bf8xc5
26.bxc5 Qb6c6
27.Ra1xa8 Rd8xa8
28.Re1b1 b4
29.Qd2e2 Qc6b7
30.Qe2b5 Qb7c8
31.Bf1c4 c6
32.Bc4xd5 exd5
33.Qb5xb4 Ra8b8
34.Qb4a3 h5
35.Qa3a2 Qc8e6
36.Qa2a7 Rb8c8
37.Bb2c3 Rc8e8
38.Bc3a5 Re8e7
39.Qa7b8 Kh7
40.Ba5c7 Re7e8
41.Qb8b6 Kh6
42.Bc7d6 Re8c8
43.Qb6a7 Qe6g8
44.Rb1b8 g5
45.Rb8xc8 Qg8xc8
46.Qa7c7 Qc8xc7
47.Bd6xc7 g4
48.Kg2 Kg6
49.h3 Kf7
50.hxg4 hxg4
51.Kf1 Ke7
52.Ke2 Kd7
53.Bc7d6 Kc8
54.Kd2 Kb7
55.Kc3 Ka6
56.Kb4 Kb7
57.Ka5 Ka7
58.Bd6b8 Kb7
59.Bb8d6 Ka7
60.Bd6c7 Kb7
61.Bc7b6 Kb8
62.Ka6 Ka8
63.Bb6d8 Kb8
64.Kb6 Kc8
65.Bd8c7 Kd7
66.Kb7 Ke8
67.Kxc6 Ke7
68.Kxd5 Kd7
69.Bc7d6 Kd8
70.Ke5 { abandon }1-0

[Event "Défi( 10J+24H/c 10J Max )"]
[Site "www.echecsemail.com"]
[Date "2026.01.18"]
[Round "1"]
[White "Tiounet"]
[Black "Woluwe1975"]
[WhiteElo "1660"]
[BlackElo "1620"]
[Result "0-1"]
1.a3 a6
2.b4 b5
3.Bc1b2 Bc8b7
4.Ng1f3 Ng8f6
5.g3 d6
6.Bf1g2 Nb8d7
7.O-O e6
8.d3 Bf8e7
9.Nb1d2 O-O
10.Ra1c1 Rf8e8
11.c4 Nd7b6
12.Nf3d4 Bb7xg2
13.Kxg2 Nb6a4
14.Bb2a1 Qd8d7
15.cxb5 axb5
16.Nd2b3 e5
17.Nd4c6 Qd7d8
18.Nc6xe7 Re8xe7
19.Kg1 Nf6d5
20.e4 Nd5b6
21.d4 Nb6c4
22.dxe5 Nc4xe5
23.f4 Ne5c4
24.Nb3d4 Re7xe4
25.Nd4xb5 Nc4e3
26.Qd1b3 Ne3xf1
27.Kxf1 c5
28.bxc5 Na4xc5
29.Qb3c2 f5
30.Qc2c3 Nc5e6
31.Qc3c6 Qd8a5
32.Nb5xd6 h5
33.Ba1e5 Re4xe5
34.fxe5 Qa5a6
35.Qc6xa6 Ra8xa6
36.Nd6c4 Ra6c6
37.Ke1 Ne6d4
38.Kd1 Nd4b3
39.Rc1c3 Nb3a5
40.Kd2 Na5xc4
41.Kd3 Nc4xe5
42.Kc2 Rc6a6
43.Rc3e3 Ne5c4
44.Re3f3 Ra6xa3
45.Rf3xa3 Nc4xa3
46.Kd3 g5
47.Kd4 Kg7
48.Ke5 Kg6
49.h3 Na3c4
{ abandon }0-1

[Event "Tetraktus 103"]
[Site "www.echecsemail.com"]
[Date "2026.01.18"]
[Round "1"]
[White "Alain64"]
[Black "Connecticcut"]
[WhiteElo "2080"]
[BlackElo "1910"]
[Result "1-0"]
1.Ng1f3 d5
2.c4 dxc4
3.Qd1a4 Nb8c6
4.Qa4xc4 Ng8f6
5.d4 Bc8e6
6.Qc4a4 Be6d5
7.e3 a6
8.Nb1c3 e6
9.Bf1e2 Bf8b4
10.O-O Bb4xc3
11.bxc3 O-O
12.c4 Bd5e4
13.Rf1d1 h6
14.Bc1b2 Nc6e7
15.d5 exd5
16.Bb2xf6 gxf6
17.cxd5 Be4g6
18.e4 Qd8d6
19.Ra1c1 Kg7
20.Qa4d4 Qd6f4
21.Rc1c4 Rf8d8
22.g3 Qf4g4
23.Rc4xc7 Bg6xe4
24.Rc7xe7 Be4xf3
25.Qd4xg4 Bf3xg4
26.Be2xg4 b5
27.d6 Kg6
28.d7 f5
29.Bg4f3 Ra8a7
30.Bf3c6 Kf6
31.Re7e8 { abandon }1-0

[Event "Défi"]
[Site "www.echecsemail.com"]
[Date "2026.01.18"]
[Round "1"]
[White "Lisette"]
[Black "Roidechecs"]
[WhiteElo "1299"]
[BlackElo "1270"]
[Result "1-0"]
1.e4 e5
2.Ng1f3 Nb8c6
3.Bf1c4 d6
4.O-O Qd8e7
5.d3 Bc8e6
6.Bc4b5 Ng8f6
7.Bb5xc6 bxc6
8.Nb1c3 h6
9.h3 g5
10.Nf3h2 d5
11.exd5 cxd5
12.Rf1e1 c6
13.Re1xe5 Qe7d6
14.Qd1e2 d4
15.Nc3a4 Nf6d5
16.Bc1d2 Nd5f4
17.Bd2xf4 gxf4
18.Ra1e1 Ra8b8
19.Nh2g4 Rb8b7
20.Na4c5 Rb7xb2
21.Nc5xe6 fxe6
22.Re5xe6 Qd6e7
23.Re6xe7 Bf8xe7
24.Qe2xe7 1-0

[Event "Défi"]
[Site "www.echecsemail.com"]
[Date "2026.01.18"]
[Round "1"]
[White "Arno"]
[Black "Chomi64"]
[WhiteElo "1770"]
[BlackElo "1850"]
[Result "1/2-1/2"]
1.d4 e5
2.dxe5 Nb8c6
3.Ng1f3 Qd8e7
4.Nb1d2 Nc6xe5
5.Nf3xe5 Qe7xe5
6.Nd2f3 Qe5d6
7.Qd1xd6 Bf8xd6
8.Bc1g5 Ng8e7
9.O-O-O b6
10.e3 Bc8b7
11.Nf3d4 O-O
12.f3 a6
13.Bg5xe7 Bd6xe7
14.Nd4f5 Be7c5
15.Rd1xd7 Ra8c8
16.e4 Rf8d8
17.Rd7xd8 Rc8xd8
18.Bf1c4 Kf8
19.Rh1d1 Rd8xd1
20.Kxd1 g6
21.Nf5h6 f6
22.Nh6g4 Kg7
23.Kd2 Bc5d6
24.h3 Bb7c8
25.Ng4e3 a5
26.c3 h5
27.Kd3 Bc8d7
28.a3 Bd6e5
29.Bc4a2 Bd7b5
30.c4 Bb5a4
31.b3 Ba4d7
32.Ne3d5 Be5d6
33.Kc3 Bd7e6
34.b4 axb4
35.axb4 f5
36.exf5 Be6xf5
37.Ba2b3 Kf7
38.c5 Bd6e5
39.Kd2 bxc5
40.bxc5 Bf5e6
41.Kc2 Be6f5
42.Kd2 Ke8
43.Nd5e3 Bf5d7
44.g4 Be5d4
45.Ne3d5 c6
46.Nd5f4 hxg4
47.hxg4 g5
48.Nf4h3 Bd4f6
49.Nh3f2 Ke7
50.Nf2e4 Bf6e5
51.Kd3 Be5f4
52.Bb3g8 Bd7c8
53.Kd4 Bc8a6
54.Bg8c4 Ba6c8
55.Ne4f2 Kf6
56.Nf2e4 Ke7
57.Ne4f2 Kf6
58.Nf2e4 Ke7
1/2-1/2

[Event "Coupe Niveau 1"]
[Site "www.echecsemail.com"]
[Date "2026.01.18"]
[Round "1"]
[White "Jlr"]
[Black "Panchoa"]
[WhiteElo "1360"]
[BlackElo "1580"]
[Result "0-1"]
1.e4 e5
2.Ng1f3 Nb8c6
3.Bf1c4 Bf8e7
4.d3 Ng8f6
5.Nf3g5 O-O
6.Nb1c3 Nc6d4
7.Ng5xf7 Rf8xf7
8.Bc4xf7 Kxf7
9.Nc3a4 d6
10.c3 Nd4c6
11.Bc1e3 Kg8
12.Qd1b3 Kh8
13.O-O-O Nc6a5
14.Qb3f7 Qd8f8
15.Qf7xf8 Be7xf8
16.b4 Na5c6
17.b5 Nc6a5
18.c4 c6
19.bxc6 Na5xc6
20.Kc2 Nc6b4
21.Kb3 a5
22.Na4b6 Ra8b8
23.a3 Nb4c6
24.a4 Nc6b4
25.c5 dxc5
26.Kc4 Bc8e6
27.Kb5 Nb4c6
28.f4 Bf8d6
29.f5 Be6b3
30.Rd1b1 Bb3c2
31.Rb1c1 Bc2xd3
32.Nb6c4 Nf6xe4
33.Kb6 Kg8
34.Nc4xd6 Ne4xd6
35.Be3xc5 Nd6c4
36.Kc7 e4
37.Rh1e1 Nc4e5
38.Bc5d6 Ne5c4
39.Kd7 Rb8d8
40.Ke6 Rd8xd6
0-1

[Event "Eq:La Diagonale du Fou-LES CHATTERBOX :"]
[Site "www.echecsemail.com"]
[Date "2026.01.18"]
[Round "1"]
[White "Foxie519"]
[Black "Janolapin"]
[WhiteElo "1680"]
[BlackElo "1740"]
[Result "1-0"]
1.e4 c6
2.d3 d5
3.e5 e6
4.d4 Ng8e7
5.Ng1f3 g6
6.g3 Bf8g7
7.Bf1g2 O-O
8.O-O b6
9.c3 Bc8b7
10.Kh1 Nb8a6
11.Nf3g1 f6
12.f4 fxe5
13.fxe5 Rf8xf1
14.Qd1xf1 Qd8f8
15.Qf1e2 Na6c7
16.Bc1f4 Bg7h6
17.Bf4xh6 Qf8xh6
18.Nb1d2 Ra8f8
19.Ng1f3 Ne7f5
20.Kg1 Bb7a6
21.c4 Nf5e3
22.b3 Ne3xg2
23.Kxg2 dxc4
24.bxc4 Ba6b7
25.Nd2e4 Bb7c8
26.Ne4f6 Kh8
27.a4 Nc7e8
28.Nf6g4 Qh6g7
29.h4 Qg7e7
30.Qe2e3 Bc8a6
31.c5 bxc5
32.dxc5 Ne8c7
33.Ng4f6 Nc7d5
34.Nf6xd5 cxd5
35.Nf3g5 Ba6b7
36.Kh3 Bb7c6
37.a5 Rf8b8
38.Ra1f1 Rb8f8
39.Rf1xf8 Qe7xf8
40.Qe3d4 Qf8e7
41.Qd4f2 Kg7
42.Qf2d4 h6
43.Ng5f3 Qe7c7
44.Qd4g4 Qc7f7
45.Nf3d4 Bc6d7
46.Kg2 Qf7e8
47.Qg4f3 Kg8
48.g4 Kg7
49.Kg3 Qe8e7
50.c6 Bd7c8
51.Nd4b5 a6
52.Nb5d6 Bc8d7
53.cxd7 Qe7xd7
54.Qf3f6 Kh7
55.Nd6f7 Qd7e8
56.h5 gxh5
57.gxh5 { abandon }1-0